Music Quiz

Random Music or Clickable Quiz

Similar Song Titles Quiz Stats

 Plays Quiz Updated Aug 4, 2013

Challenge
Share
Tweet
Embed
Score 0/40 Timer 08:00
2 Plays Today
% Correct
Champions
96.8%
Wild
92.9%
Lady
92.7%
Wave
90.8%
Heart
90.1%
World
89.4%
Sunshine
88.6%
Cold
86.5%
U.S.S.R.
86.3%
Gold
86.2%
Together
86.2%
Black
86.1%
Run
85.9%
Day
85.6%
Hot
85.2%
Love
85.2%
Glass
83.1%
Dance
81.2%
Boardwalk
80.3%
Music
80.1%
% Correct
Alive
79.5%
Sea
79.1%
On
78.6%
Moon
77.3%
Kiss
76.3%
Me
75.9%
Fine
75.2%
USA
72.6%
Memphis
72.4%
Rain
70.4%
California
70.1%
Real
64.7%
Shy
63.3%
Oxygen
62.4%
Time
52.6%
Go-Go
45.9%
There
43.2%
Rainbow
39.3%
Life
35.2%
Boy
33.8%

You're not logged in!

Compare scores with friends on all Sporcle quizzes.
Join for Free
OR
Log In

You Might Also Like...

Show Comments

Extras

Top Quizzes Today


Score Distribution

Your Account Isn't Verified!

In order to create a playlist on Sporcle, you need to verify the email address you used during registration. Go to your Sporcle Settings to finish the process.

Report this User

Report this user for behavior that violates our Community Guidelines.

Details: